Вып. 4; Источники и ускорители плазмы

書誌詳細
Parent link:Источники и ускорители плазмы: межвузовский тематический сборник научных трудов/ Харьковский авиационный институт. Вып. 4.— , 1976-1987
その他の著者: Рыжов Ю. А. (редактор)
要約:Посвящается 50-летию Харьковского авиационного института
言語:ロシア語
出版事項: 1980
主題:
フォーマット: MixedMaterials 図書
KOHA link:https://koha.lib.tpu.ru/cgi-bin/koha/opac-detail.pl?biblionumber=206314

MARC

LEADER 00000nam2a2200000 4500
001 206314
005 20231101225333.0
035 |a (RuTPU)RU\TPU\book\224908 
035 |a RU\TPU\book\224907 
090 |a 206314 
100 |a 20120109d1980 k y0rusy50 ca 
101 0 |a rus 
102 |a UA 
105 |a a z 011zy 
200 0 |a Вып. 4  |f отв. ред. Ю. А. Рыжов 
210 |d 1980 
215 |a 126 с.  |c ил. 
300 |a Посвящается 50-летию Харьковского авиационного института 
320 |a Библиография в конце статей 
461 1 |0 (RuTPU)RU\TPU\book\243465  |t Источники и ускорители плазмы  |o межвузовский тематический сборник научных трудов  |f Харьковский авиационный институт  |v Вып. 4  |d 1976-1987 
606 1 |a Плазма  |x Физика  |2 stltpush  |3 (RuTPU)RU\TPU\subj\48885  |9 67703 
610 1 |a исследования 
610 1 |a ускорители 
610 1 |a плазменные устройства 
610 1 |a электроны 
610 1 |a плазменные источники 
675 |a 533.9  |v 3 
702 1 |a Рыжов  |b Ю. А.  |4 340 
801 1 |a RU  |b 63413507  |c 20060926  |g PSBO 
801 2 |a RU  |b 63413507  |c 20161206  |g PSBO 
942 |c BK